[Event "Portugal Open 2019"]
[Site "Lisbon"]
[Date "2019.02.03"]
[Round "2"]
[White "David, Alberto"]
[Black "Martins, Bruno Andre Leite"]
[Result "1-0"]
[WhiteElo "2560"]
[BlackElo "2204"]
[Annotator "TA"]
[PlyCount "59"]
[EventDate "2019.01.25"]
[EventType "swiss"]
[EventCountry "POR"]
[SourceTitle "playchess.com"]
[Source "ChessBase"]
[SourceQuality "1"]

{[%evp 20,59,48,7,28,0,17,33,34,14,46,75,181,172,197,192,220,194,241,181,191,131,253,239,207,193,461,445,526,483,1399,1354,29989,29990,29995,29992,29994,29995,29995,29996,29996,29997]} 1. d4 Nf6 2. c4 ({Predecessor:} 2. Nf3 c5 3. d5 b5 4. c4 g6 5. cxb5 a6 6. e3 Bg7 7. Nc3 O-O {1-0 (23) Bykov,E (2199)-Kirpikov,A (2347) ICCF email 2007}) 2... c5 3. d5 b5 4. cxb5 a6 5. e3 g6 6. Nc3 Bg7 7. a4 $146 (7. Nf3 O-O {0-1 (40) Markus,R (2586)-Vuckovic,B (2527) Zlatibor 2006}) 7... O-O 8. Nf3 Bb7 9. Ra3 e6 10. dxe6 fxe6 11. Qd6 axb5 {A57: Benko/Volga Gambit} 12. Bxb5 Ne4 (12... Bxf3 13. gxf3 Qc8 14. h4 Rf7 15. Rg1 c4 16. Ne4 Nxe4 17. fxe4 Nc6 18. h5 Ne5 19. hxg6 hxg6 {0-1 (40) Markus,R (2586)-Vuckovic,B (2527) Zlatibor 2006}) 13. Nxe4 Bxe4 {White is slightly better.} 14. Qg3 Rf5 ({Predecessor:} 14... Bxf3 15. gxf3 Nc6 16. Bxc6 dxc6 17. O-O Qe7 18. a5 Rfb8 19. Rd1 Rb5 20. Rad3 c4 21. Rd7 Qg5 22. a6 Qxg3+ 23. hxg3 {1-0 (23) Bykov,E (2199)-Kirpikov,A (2347) ICCF email 2007}) 15. h4 d5 {[#]} (15... Bxf3 $16 {is a better defense.} 16. gxf3 Rh5) 16. Ng5 $1 $18 Be5 17. f4 Rxg5 18. hxg5 ({But not} 18. Qxg5 $6 Bf6 $16) 18... Bd6 19. O-O c4 20. Rc3 (20. Ra1 $18) 20... Na6 (20... Bb4 $16 {was necessary.}) 21. b3 Bb4 22. Bb2 Qa5 $2 (22... Nc7 {was called for.}) 23. Rfc1 Nc5 {Now ...Nd3 and Black clings on.} 24. f5 Bxf5 {[#]} (24... Qa7 $142 25. bxc4 Qb8 26. Qxb8+ Rxb8 27. cxd5 Bxc3) 25. Qe5 $1 {[%mdl 512] White threatens Rxc4! and mate.} d4 26. Rxc4 {[%mdl 64] Double Attack. White mates.} Nxb3 27. Rc8+ Rxc8 28. Rxc8+ Bf8 {[#]} 29. Rxf8+ $1 {[%mdl 512]} Kxf8 30. Ba3+ {Accuracy: White = 71%, Black = 14%.} 1-0

[Event "Portugal Open 2019"]
[Site "Lisbon"]
[Date "2019.02.03"]
[Round "2"]
[White "Kadric, Denis"]
[Black "Alvarez Serrano, Carlos"]
[Result "1-0"]
[WhiteElo "2545"]
[BlackElo "2201"]
[Annotator "TA"]
[PlyCount "45"]
[EventDate "2019.01.25"]
[EventType "swiss"]
[EventCountry "POR"]
[SourceTitle "playchess.com"]
[Source "ChessBase"]
[SourceQuality "1"]

{[%evp 12,45,-22,0,6,10,15,2,36,34,66,56,73,59,63,46,30,0,0,0,0,0,0,0,0,0,0,0,0,0,18,30,267,262,746,752]} 1. e4 c5 2. Nc3 d6 3. f4 g6 4. Nf3 Bg7 5. Bb5+ Bd7 6. Bc4 {B23: Closed Sicilian: Lines without g3} Nc6 7. d3 {LiveBook: 37 Games} Nd4 8. Nxd4 {The position is equal.} cxd4 9. Ne2 Bc6 $146 10. Bb3 Nh6 {[%cal Bg8h6,Bh6g4,Bg4e3][%mdl 32]} 11. O-O e6 12. Qe1 a5 {[%cal Ba7a5,Ba5a4][%mdl 32] [#] ...a4 is the strong threat.} 13. a3 O-O 14. Qf2 Ng4 $36 {[%mdl 2048] White is under pressure.} 15. Qg3 {[#]} Ne3 $1 {[%mdl 512]} 16. Bxe3 dxe3 17. Rab1 $1 a4 18. Ba2 Qb6 19. f5 exf5 20. exf5 Be5 21. Qh4 gxf5 $2 (21... Bg7 $1 $11) 22. Rxf5 $18 {Threatens to win with Qh6.} Qd8 $2 (22... Bg7 23. Bxf7+ Rxf7 24. Rxf7 Kxf7) 23. Qh6 {Precision: White = 76%, Black = 37%.} 1-0

[Event "Portugal Open 2019"]
[Site "Lisbon"]
[Date "2019.02.03"]
[Round "2"]
[White "Jakubowski, Krzysztof"]
[Black "Li, Yunshan"]
[Result "1-0"]
[WhiteElo "2514"]
[BlackElo "2196"]
[Annotator "TA"]
[PlyCount "103"]
[EventDate "2019.01.25"]
[EventType "swiss"]
[EventCountry "POR"]
[SourceTitle "playchess.com"]
[Source "ChessBase"]
[SourceQuality "1"]

{[%evp 14,103,29,20,22,-9,0,-10,16,0,0,0,26,38,78,0,0,0,7,-19,-29,-34,-31,-38,-31,-25,-31,-27,-6,-3,-3,0,-1,-29,-18,-31,-25,-18,-8,-8,-21,-66,27,20,33,12,79,0,6,7,22,6,8,11,79,18,175,94,93,84,81,81,132,127,127,-395,-49,-27,-14,-905,26,-1365,479,-1662,1273,1273,2112,1887,5365,4914,29986,29987,29985,29986,29991,29990,29993,29994,29994,29995,29997,29998]} 1. e4 e5 2. Nf3 Nf6 3. Nxe5 d6 4. Nf3 Nxe4 5. Qe2 Qe7 6. d3 Nf6 7. Nc3 Qxe2+ 8. Bxe2 g6 {C42: Petroff Defence: 3 Nxe5 and unusual White 3rd moves} 9. Bf4 Bg7 10. O-O-O $146 ({Predecessor:} 10. Nd4 Nc6 11. Nxc6 bxc6 12. Bf3 Kd7 13. O-O-O Ba6 14. g4 Rab8 15. b3 Bb7 16. d4 {½-½ (31) Lagarde,M (2594)-Zvjaginsev,V (2679) Caleta 2017}) 10... O-O {The position is equal.} 11. Rhe1 Re8 12. d4 a6 13. Bc4 {And now Rxe8+ would win.} b5 14. Nd5 (14. Rxe8+ $16 Nxe8 15. Bb3) 14... Rxe1 $11 15. Rxe1 {Threatens to win with Nxf6+.} Bd7 16. Nxc7 Ra7 17. Bxf7+ Kxf7 18. Bxd6 Bf8 19. Ng5+ Kg8 20. Bxf8 {Black must now prevent Bd6.} Kxf8 21. Nce6+ Kg8 22. Nc5 h6 23. Nge4 Nxe4 24. Rxe4 Kf7 25. f3 Bc6 26. Re6 Re7 27. Rd6 Be8 ({Better is} 27... Re1+ $1 $15 28. Kd2 Rg1) 28. Kd2 ({Reject} 28. Nxa6 Nxa6 29. Rxa6 Re2 $17) 28... a5 29. c3 {[%mdl 1024] White has compensation.} Nc6 (29... a4 $11) 30. f4 (30. d5 $16 Ne5 31. b3) 30... Rc7 31. g4 Ne7 32. Nd3 Kg7 33. Ne5 Nc6 (33... a4 $11) 34. d5 (34. b3 $1 $16) 34... Ne7 $2 (34... Nxe5 $11 {and Black stays safe.} 35. fxe5 Re7) 35. Kd3 ({White should play} 35. b3 $1 $18) 35... Bf7 $16 36. Nxf7 Kxf7 {[%mdl 4096] Endgame KRN-KR} 37. b3 $1 Ke8 ({Black should try} 37... g5) 38. Kd4 h5 {[#]} 39. h4 $2 {[%mdl 8192]} (39. h3 $1 $16 {stays on course.}) 39... Rd7 $2 (39... hxg4 $19 40. Re6 Kf7) 40. Rxd7 $15 Kxd7 {KN-KP} 41. Kc5 $2 {[%mdl 8192]} (41. gxh5 $11 gxh5 42. c4) 41... Ng8 $2 (41... hxg4 $19 42. Kd4 {[#]} Nxd5 $1 {[%mdl 576] Promotion}) 42. Kxb5 $2 {[%mdl 8192]} (42. gxh5 $11 gxh5 43. Kxb5) 42... Nf6 $4 {[%mdl 8192]} (42... hxg4 $19 {and life is good for Black.} 43. Kxa5 g3) 43. c4 $4 {[%mdl 8192]} (43. gxh5 $18 Nxh5 44. Kxa5 Nxf4 45. c4) 43... Nxg4 $4 {[%mdl 8192]} (43... hxg4 $19 44. Kb6 g3) 44. Kxa5 $18 Ne3 45. Kb6 Kc8 46. a4 {[%cal Ba2a4,Ba4a5,Ba5a6][%mdl 32]} Ng2 47. a5 {White mates.} Nxf4 48. a6 Kb8 49. d6 g5 50. d7 {[%cal Rd7d8]} Ne6 51. c5 g4 52. c6 {Accuracy: White = 38%, Black = 32%.} 1-0

[Event "Portugal Open 2019"]
[Site "Lisbon"]
[Date "2019.02.03"]
[Round "2"]
[White "Spraggett, Kevin"]
[Black "Lindbol, Aleksander"]
[Result "1-0"]
[WhiteElo "2513"]
[BlackElo "2190"]
[Annotator "TA"]
[PlyCount "63"]
[EventDate "2019.01.25"]
[EventType "swiss"]
[EventCountry "POR"]
[SourceTitle "playchess.com"]
[Source "ChessBase"]
[SourceQuality "1"]

{[%evp 15,63,-6,7,0,31,0,7,0,0,0,59,51,60,60,74,48,114,90,133,129,122,122,156,162,251,245,257,249,330,333,454,432,386,369,591,620,678,664,670,481,1337,1346,1317,1283,1635,1551,2093,2030,29981,29982]} 1. e4 c6 2. Nc3 d5 3. Nf3 Bg4 4. h3 Bxf3 5. Qxf3 Nf6 $146 ({Predecessor:} 5... e6 6. a3 Nd7 7. d3 {½-½ (49) Rozentalis,E (2592)-Antoniewski,R (2559) Austria 2012}) 6. d3 e6 7. a3 Nbd7 8. g3 Bd6 9. Bg2 {B11: Caro-Kann: Two Knights Variation} Qc7 10. Qe2 O-O-O ({Predecessor:} 10... O-O 11. O-O Be5 12. Nd1 Bd4 13. Kh2 b5 14. f4 dxe4 15. dxe4 e5 16. f5 Ne8 {½-½ (49) Rozentalis,E (2592)-Antoniewski,R (2559) Austria 2012}) 11. Bd2 {The position is equal.} d4 12. Nd1 e5 (12... h5 $11) 13. b4 $14 h5 14. h4 Kb8 15. Nb2 c5 (15... Ne8 $14) 16. b5 Nb6 17. Ba5 Qd7 18. a4 Bc7 19. Bxb6 axb6 (19... Bxb6 {might work better.} 20. Nc4 Bc7) 20. Bh3 Qe7 21. Nc4 Ne8 {[#]} 22. a5 $1 {[%cal Ra5b6]} Qf6 {Black hopes to continue with ...bxa5.} 23. axb6 Bxb6 24. O-O Rh6 $2 (24... Nc7 25. f4 Nxb5 26. fxe5 Qg6 27. Nxb6 {[%mdl 64] Overworked Piece} Qxb6 28. Rxf7 Nc7) 25. f4 $18 exf4 26. Rxf4 Qe7 27. Qf3 Nc7 (27... Qc7 $142 28. Rxf7 Rf6) 28. Rxf7 Qe8 29. e5 Rg6 30. Kh2 Qxb5 31. Bg2 {[%csl Gg2][%cal Rf3b7]} Ba7 {[#]} 32. Rxc7 $1 {[%mdl 512] Accuracy: White = 82%, Black = 13%.} 1-0

[Event "Portugal Open 2019"]
[Site "Lisbon"]
[Date "2019.02.03"]
[Round "2"]
[White "Iniyan, P."]
[Black "Kubicka, Anna"]
[Result "1-0"]
[WhiteElo "2480"]
[BlackElo "2186"]
[Annotator "RC"]
[PlyCount "117"]
[EventDate "2019.01.25"]
[EventType "swiss"]
[EventCountry "POR"]
[SourceTitle "playchess.com"]
[Source "ChessBase"]
[SourceQuality "1"]
[TimeControl "5400+30"]

1. d4 {[%emt 0:03:23]} g6 {[%emt 0:00:00]} 2. c4 {[%emt 0:00:10]} Bg7 {[%emt 0:00:00]} 3. e4 {[%emt 0:01:03]} d6 {[%emt 0:00:00]} 4. Nc3 {[%emt 0:00:31]} e5 {[%emt 0:00:18]} 5. Nge2 {[%emt 0:03:51]} Nc6 {[%emt 0:00:42]} 6. Be3 {[%emt 0:00:49]} exd4 {[%emt 0:00:43]} 7. Nxd4 {[%emt 0:00:08]} Nge7 {[%emt 0:00:13]} 8. Be2 {[%emt 0:10:20]} O-O {[%emt 0:00:41]} 9. h4 {[%emt 0:07:20]} f5 {[%emt 0:15:21]} 10. Qd2 {[%emt 0:14:04]} Qe8 {[%emt 0:19:44]} 11. Ndb5 {[%emt 0:02:33]} Qf7 {[%emt 0:08:00]} 12. Nxc7 {[%emt 0:01:03]} Rb8 {[%emt 0:15:48]} 13. N7b5 {[%emt 0:00:21]} f4 {[%emt 0:00:20]} 14. Bxa7 {[%emt 0:00:29]} Nxa7 {[%emt 0:00:12]} 15. Nxa7 {[%emt 0:00:06]} Be6 {[%emt 0:03:59]} 16. Nab5 {[%emt 0:00:24]} Rfd8 {[%emt 0:02:36]} 17. Rd1 {[%emt 0:09:52]} Be5 {[%emt 0:02:15]} 18. Nd4 {[%emt 0:03:43]} Bxc4 {[%emt 0:03:12]} 19. Nf3 {[%emt 0:00:19]} Bxe2 {[%emt 0:09:09]} 20. Nxe5 {[%emt 0:01:51]} dxe5 {[%emt 0:00:05]} 21. Qxe2 {[%emt 0:00:06]} Nc6 {[%emt 0:00:30]} 22. O-O {[%emt 0:02:20]} Nd4 {[%emt 0:00:33]} 23. Qg4 {[%emt 0:00:08]} f3 {[%emt 0:00:48]} 24. g3 {[%emt 0:01:12]} h5 {[%emt 0:02:19]} 25. Qg5 {[%emt 0:00:26]} Qe6 {[%emt 0:01:57]} 26. Kh2 {[%emt 0:00:07]} Rd7 {[%emt 0:01:58]} 27. Rd3 {[%emt 0:02:29]} Rbd8 {[%emt 0:01:59]} 28. Rfd1 {[%emt 0:01:19]} Kg7 {[%emt 0:00:26]} 29. Nd5 {[%emt 0:04:36]} Rc8 {[%emt 0:04:35]} 30. Rc3 {[%emt 0:00:22]} Rc6 {[%emt 0:00:19]} 31. a4 {[%emt 0:04:16]} Rf7 {[%emt 0:03:08]} 32. a5 {[%emt 0:00:17]} Kh7 {[%emt 0:01:06]} 33. Ra1 {[%emt 0:06:01]} Rxc3 {[%emt 0:01:48]} 34. bxc3 {[%emt 0:00:07]} Nb3 {[%emt 0:00:06]} 35. Ra2 {[%emt 0:02:18]} Qa6 {[%emt 0:00:56]} 36. Ne3 {[%emt 0:01:27]} Nc1 {[%emt 0:00:35]} 37. Rd2 {[%emt 0:01:58]} Nb3 {[%emt 0:01:02]} 38. Rb2 {[%emt 0:01:58]} Qxa5 {[%emt 0:00:49]} 39. g4 {[%emt 0:02:34]} Qxc3 {[%emt 0:00:29]} 40. Rc2 {[%emt 0:00:48]} Qd4 {[%emt 0:00:28]} 41. gxh5 {[%emt 0:01:27]} Qxe4 {[%emt 0:00:14]} 42. Rc4 {[%emt 0:01:47]} Nd4 {[%emt 0:00:35]} 43. Ng4 {[%emt 0:01:41]} Qf4+ {[%emt 0:00:45]} 44. Kh3 {[%emt 0:00:40]} Qxg5 {[%emt 0:00:36]} 45. hxg5 {[%emt 0:00:05]} Rf4 {[%emt 0:00:32]} 46. Nf6+ {[%emt 0:01:23]} Rxf6 {[%emt 0:00:12]} 47. Rc7+ {[%emt 0:00:05]} Kg8 {[%emt 0:00:20]} 48. gxf6 {[%emt 0:00:04]} gxh5 {[%emt 0:00:05]} 49. Kh4 {[%emt 0:00:11]} b5 {[%emt 0:00:43]} 50. Kxh5 {[%emt 0:00:07]} Ne6 {[%emt 0:00:27]} 51. Re7 {[%emt 0:00:35]} Nf4+ {[%emt 0:00:51]} 52. Kg5 {[%emt 0:00:32]} Nh3+ {[%emt 0:00:38]} 53. Kg6 {[%emt 0:00:05]} Nf4+ {[%emt 0:00:12]} 54. Kf5 {[%emt 0:00:04]} Nd3 {[%emt 0:00:32]} 55. Ke6 {[%emt 0:00:51]} e4 {[%emt 0:00:43]} 56. Re8+ {[%emt 0:00:09]} Kh7 {[%emt 0:00:02]} 57. f7 {[%emt 0:00:11]} Nf4+ {[%emt 0:00:06]} 58. Kf6 {[%emt 0:00:22]} Ng6 {[%emt 0:00:47]} 59. Rxe4 {[%emt 0:00:06]} 1-0

[Event "Portugal Open 2019"]
[Site "Lisbon"]
[Date "2019.02.03"]
[Round "2"]
[White "Miezis, Normunds"]
[Black "Newrkla, Katharina"]
[Result "1/2-1/2"]
[WhiteElo "2467"]
[BlackElo "2180"]
[Annotator "TA"]
[PlyCount "83"]
[EventDate "2019.01.25"]
[EventType "swiss"]
[EventCountry "POR"]
[SourceTitle "playchess.com"]
[Source "ChessBase"]
[SourceQuality "1"]

{[%evp 22,83,0,0,3,-2,1,2,5,3,27,14,9,15,31,14,38,29,29,0,0,-27,-16,-32,-25,-27,-34,-31,-17,-41,-47,-34,-42,-52,-50,-89,-50,-53,-34,-37,0,0,34,-48,0,-50,-50,-52,-35,-48,0,0,0,0,29973,29975,29973,29974,29971,0,0,0,5713,0]} 1. c4 Nf6 2. Nc3 g6 (2... c5 3. g3 g6 4. Bg2 Bg7 5. e4 O-O 6. Nge2 Nc6 7. d3 d6 {0-1 (63) Granda Zuniga,J (2646)-Lopez Martinez,J (2552) Lorca 2016}) 3. g3 Bg7 4. Bg2 O-O 5. e4 d6 6. Nge2 c5 7. O-O Nc6 8. d3 Rb8 $146 (8... a6 9. a3 {0-1 (63) Granda Zuniga,J (2646)-Lopez Martinez,J (2552) Lorca 2016}) ({Predecessor:} 8... a6 9. a3 {1-0 (46) Carvalho,G (2232)-Conrad,C (2147) Montevideo 2016}) 9. a3 a6 10. Rb1 b5 11. cxb5 axb5 12. b4 $1 Ba6 {A36: Symmetrical English vs ...g6: 4 Bg2 Bg7} (12... cxb4 13. axb4 e5 14. Be3 Be6 15. d4 Bc4 16. d5 Ne7 17. f3 Nd7 18. Qd2 f5 19. Ra1 Nf6 20. Bh3 Ra8 21. Rfc1 h5 22. Rxa8 Qxa8 {0-1 (63) Granda Zuniga,J (2646)-Lopez Martinez,J (2552) Lorca 2016}) 13. h3 Nd7 14. Bg5 h6 {The position is equal.} 15. Be3 Nd4 16. Qd2 Kh7 17. f4 Bb7 ({Predecessor:} 17... f5 18. Bf2 Nxe2+ 19. Nxe2 cxb4 20. axb4 {1-0 (46) Carvalho,G (2232)-Conrad,C (2147) Montevideo 2016}) 18. Rfc1 Bc6 19. bxc5 dxc5 20. Bxd4 cxd4 21. Na2 Ba8 22. Nb4 e5 23. Nc6 Bxc6 $1 24. Rxc6 h5 25. Kh1 h4 26. f5 hxg3 27. Rf1 Qh4 28. Rf3 Rbc8 (28... Bh6 $6 29. Qb4 $16) 29. Qc2 Rxc6 30. Qxc6 {[%mdl 64] [#] Double Attack} Nf6 31. Qxb5 Qh6 32. Qb2 (32. Qxe5 $14 Rc8 33. fxg6+ (33. Nxd4 $2 Rc1+ 34. Rf1 Nh5 $19) (33. Nxg3 Ng4 $15) (33. Qxg3 Nh5 $16) (33. Qxd4 Rc2 $14) 33... fxg6 34. Qxg3 (34. Rxf6 Rf8 $17 {[%mdl 64] Pin})) 32... Ng4 33. Kg1 Ne3 34. f6 Bh8 $1 35. Nxg3 Rc8 36. Qb7 $36 {[%mdl 2048] White is more active.} Rc1+ 37. Bf1 Qg5 $2 {[%mdl 8192] [#]} (37... Qf8 $11) 38. Qxf7+ Kh6 39. Qf8+ {[%mdl 64] Double Attack} Kh7 40. Qf7+ (40. f7 $142 Qxg3+ {[%mdl 64] Remove Defender} 41. Rxg3 Rxf1+ 42. Kh2 Bg7 43. Qe8 Rf6 44. Kh1 Kh6 45. Rg1) 40... Kh6 $18 {( -> ...Rxf1+)} 41. Qf8+ {[%mdl 64] Double Attack} Kh7 {...Bxf6! is the strong threat.} 42. Qf7+ $2 {Accuracy: White = 36%, Black = 62%.} ({White must play} 42. f7 $18 Qxg3+ {[%mdl 64] Remove Defender} 43. Rxg3 Rxf1+ 44. Kh2 Rf2+ 45. Kh1) 1/2-1/2

[Event "Portugal Open 2019"]
[Site "Lisbon"]
[Date "2019.02.03"]
[Round "2"]
[White "Butkiewicz, Lukasz"]
[Black "Poysti, Nathanael"]
[Result "1/2-1/2"]
[WhiteElo "2445"]
[BlackElo "2172"]
[Annotator "TA"]
[PlyCount "57"]
[EventDate "2019.01.25"]
[EventType "swiss"]
[EventCountry "POR"]
[SourceTitle "playchess.com"]
[Source "ChessBase"]
[SourceQuality "1"]

{[%evp 9,57,4,16,0,0,-32,-28,-37,-30,-28,-37,-34,-18,-16,-22,-14,-14,-19,-29,-48,-52,-55,-34,-55,-45,-17,-27,-46,-45,-49,-42,-82,-77,-87,-87,-81,-58,-65,-15,-15,-15,-16,-16,-16,-2,-2,-2,-2,-2,-3]} 1. d4 (1. Nf3 d5 2. g3 Nf6 3. Bg2 e6 4. O-O Be7 5. d4 {½-½ (52) Vachier Lagrave,M (2789)-Meier,G (2648) Karlsruhe/Baden-Baden 2018}) 1... Nf6 2. g3 b5 $146 ({Predecessor:} 2... e6 3. Bg2 d5 4. Nf3 {1-0 (31) Sambuev,B (2521)-Panesso Rivera,H (2423) Havana 2018}) 3. Bg2 d5 4. Nf3 e6 5. O-O Be7 6. c3 {A46: 1 d4 Nf6 2 Nf3 e6: Torre, London and Colle Systems} (6. Qd3 O-O 7. Bg5 c6 8. Nbd2 a5 9. e4 Ba6 10. Rfe1 h6 11. Bxf6 Bxf6 12. c3 b4 13. c4 dxc4 14. Nxc4 {½-½ (52) Vachier Lagrave,M (2789)-Meier,G (2648) Karlsruhe/Baden-Baden 2018}) 6... O-O 7. b3 ({Predecessor:} 7. Bg5 Nbd7 8. Nbd2 c5 9. a4 bxa4 10. Rxa4 Nb6 11. Ra2 c4 12. Ne5 Qc7 13. e4 Bb7 14. exd5 Bxd5 {1-0 (31) Sambuev,B (2521)-Panesso Rivera,H (2423) Havana 2018}) 7... c5 8. a4 {Black has an edge.} b4 9. cxb4 cxb4 10. Ne5 Ba6 11. Nd2 {[%cal Bb1d2,Bd2c4,Bc4e5][%mdl 32]} Qb6 12. Ndc4 Qb7 13. Bf4 Rc8 14. Re1 Nc6 15. Nxc6 Qxc6 16. Rc1 {Threatening Nd6.} Qd7 17. Ne5 Qb7 18. Qd2 Rc3 19. Qb2 Rac8 20. Bf3 Ne4 21. Bxe4 dxe4 22. Bd2 Rxc1 (22... f6 {is more complex.} 23. Ng4 Rxc1 24. Bxc1 f5 25. Ne5 Qc7) 23. Rxc1 Rxc1+ 24. Qxc1 {The position is equal.} Bxe2 25. Qc6 Qxc6 26. Nxc6 Kf8 27. Nxa7 Bd1 28. Nc6 {Black should prevent a5.} Bxb3 29. Nxe7 {Accuracy: White = 55%, Black = 79%.} 1/2-1/2

[Event "Portugal Open 2019"]
[Site "Lisbon"]
[Date "2019.02.03"]
[Round "2"]
[White "Damaso, Rui"]
[Black "Santos, Antonio P"]
[Result "1-0"]
[WhiteElo "2439"]
[BlackElo "2162"]
[Annotator "TA"]
[PlyCount "77"]
[EventDate "2019.01.25"]
[EventType "swiss"]
[EventCountry "POR"]
[SourceTitle "playchess.com"]
[Source "ChessBase"]
[SourceQuality "1"]

{[%evp 20,77,71,73,48,45,73,75,77,62,137,63,77,52,82,61,123,89,95,96,95,91,95,91,156,149,167,124,125,126,493,476,475,428,428,429,981,400,447,477,470,470,459,433,381,374,483,461,609,585,640,590,743,742,688,662,720,709,846,825]} 1. d4 Nf6 2. Bf4 d5 3. e3 c5 4. c3 Nc6 5. Nd2 e6 6. Ngf3 Bd6 7. Bg3 O-O 8. Bb5 {D02: 1 d4 d5 2 Nf3 sidelines, including 2...Nf6 3 g3 and 2...Nf6 3 Bf4} a6 (8... cxd4 9. exd4 Ne7 10. Bd3 Ng6 11. O-O Bxg3 12. fxg3 b5 13. Qe2 Qb6 14. Ng5 b4 15. Ndf3 h6 {½-½ (34) Naroditsky,D (2616)-Mamedyarov,S (2817) chess.com INT 2019}) 9. Bxc6 bxc6 10. Qa4 Bxg3 11. hxg3 {LiveBook: 13 Games} cxd4 12. cxd4 Qb6 13. Qc2 $146 ({Predecessor:} 13. O-O c5 14. dxc5 Qxc5 15. Qd4 Qxd4 16. Nxd4 {1-0 (45) Borges,V (2202)-Caetano,H (2204) Londrina 2018}) 13... h6 14. Ne5 Bb7 (14... c5 $14) 15. O-O (15. g4 $16 {Strongly threatening g5!} Rfc8 16. Rc1) 15... Rfc8 16. Nb3 a5 17. Rfc1 Ba6 (17... Ne4 $14) 18. Qc5 Qxc5 19. Nxc5 Rc7 20. Rc3 Bc8 21. Rb3 Ne8 ({Black should play} 21... Nd7) 22. Rb6 $16 Nd6 23. Rc1 f6 24. Rxc6 fxe5 $2 {[%mdl 8192] [#]} (24... Rxc6 $16 25. Nxc6 Kf7) 25. Rxc7 $18 exd4 26. Na4 dxe3 27. Nb6 e2 (27... exf2+ $142 28. Kxf2 Rb8) 28. Nxc8 (28. Nxa8 $142 Ba6 29. R7c6) 28... Rxc8 29. Rxc8+ Nxc8 {[%mdl 4096] Endgame KR-KN} 30. Re1 ({Not} 30. Rxc8+ $2 Kh7 $19) 30... Kf7 31. Rxe2 Nd6 32. Rc2 d4 33. Kf1 {White is clearly winning.} e5 34. Rc5 Ke6 35. Rxa5 Nc4 36. Rb5 Nd6 37. Rb8 e4 38. a4 Nc4 39. b3 {Precision: White = 66%, Black = 17%.} 1-0

[Event "Portugal Open 2019"]
[Site "Lisbon"]
[Date "2019.02.03"]
[Round "2"]
[White "Korley, Kassa"]
[Black "Reis, Luis Sousa"]
[Result "1-0"]
[WhiteElo "2426"]
[BlackElo "2146"]
[Annotator "TA"]
[PlyCount "51"]
[EventDate "2019.01.25"]
[EventType "swiss"]
[EventCountry "POR"]
[SourceTitle "playchess.com"]
[Source "ChessBase"]
[SourceQuality "1"]

{[%evp 11,51,36,39,33,42,36,122,116,121,86,86,86,86,95,77,90,91,98,104,99,104,111,124,109,106,117,123,125,135,137,206,201,260,293,254,256,631,621,586,589,561,549]} 1. d4 Nc6 2. Nf3 d5 3. Bf4 Bg4 4. e3 ({Predecessor:} 4. Nbd2 e6 5. e3 Bd6 6. Bxd6 Qxd6 7. Be2 Nf6 {1-0 (43) Makarov,M (2516)-Barhudarian,R (2305) St Petersburg 2012}) 4... e6 5. c4 Bd6 6. Bxd6 Qxd6 7. Nbd2 $146 {D02: 1 d4 d5 2 Nf3 sidelines, including 2...Nf6 3 g3 and 2...Nf6 3 Bf4} (7. Nc3 Nge7 8. cxd5 exd5 9. Be2 O-O 10. O-O f5 11. g3 Kh8 12. Nb5 Qd7 13. Ne5 Nxe5 14. dxe5 a6 {½-½ (38) Bartel,M (2328)-Ganguly,S (2619) Biel 2014}) 7... Nf6 8. Be2 e5 (8... O-O $14) ({Predecessor:} 8... dxc4 9. Nxc4 Qb4+ 10. Nfd2 Bxe2 11. Qxe2 O-O 12. a3 Qb5 13. Nf3 Rfd8 14. Rc1 h6 {1-0 (43) Makarov,M (2516)-Barhudarian,R (2305) St Petersburg 2012}) 9. dxe5 $16 {White is better.} Nxe5 10. Nxe5 Bxe2 {[#]} 11. Nxf7 $1 ({Reject} 11. Qxe2 Qxe5 12. Nf3 Qe4 $11) 11... Kxf7 12. Qxe2 d4 13. e4 Rhe8 14. O-O d3 15. Qe3 Rad8 16. Rae1 {e5 is the strong threat.} Kg8 17. f3 Qb4 18. Rb1 a5 19. a3 Qe7 20. Rfd1 Rd7 (20... Nd7 $16 {was necessary.} 21. b4 (21. Qxd3 Qc5+ 22. Kf1 Ne5 $14) 21... axb4) 21. Nb3 $18 Red8 22. Nc5 {[%mdl 64] [#] Double Attack} Rd4 23. Nxb7 {[%mdl 64] Double Attack} d2 $2 (23... R8d7 24. Nxa5 Ng4 25. fxg4 Rxe4) 24. Nxd8 {White is clearly winning.} Qxd8 25. b3 Rd3 26. Qf2 {Accuracy: White = 96%, Black = 38%.} 1-0